Avengers: Infinity War Logic Puzzle Quiz Stats

 Plays Quiz not verified by Sporcle

Also try: Family on Broadway
Challenge
Share
Tweet
Score 0/25 Timer 20:00
14 Plays Today
Grid Ref. Character % Correct
A1

Thanos


???
100%
A5

Iron
Man

???
65.3%
E1

Eitri the
Dwarf King

???
60.8%
E5

Nebula


???
60%
C3

Vision


???
54.3%
A2

Thor


???
54.1%
E4

Ebony
Maw

???
45.4%
D3

Spider-
Man

???
41.2%
E3

Mantis


???
40.1%
E2

Scarlet
Witch

???
39.9%
B5

Doctor
Strange

???
38%
C5

War
Machine

???
38%
D5

Drax the
Destroyer

???
34.4%
Grid Ref. Character % Correct
A4

Captain
America

???
33.5%
A3

Gamora


???
32.2%
C1

Black
Widow

???
28.8%
B4

Proxima
Midnight

???
28.6%
D2

Loki


???
28.5%
C4

Falcon


???
28.3%
D1

The
Collector

???
27.6%
B1

Star-Lord


???
27%
B3

Rocket


???
26.9%
D4

Groot


???
26.2%
B2

The
Hulk

???
22%
C2

Black
Panther

???
17.8%

You're not logged in!

Compare scores with friends on all Sporcle quizzes.
OR
Log In

You Might Also Like...

Show Comments

Extras

Top Quizzes Today


Score Distribution

Your Account Isn't Verified!

In order to create a playlist on Sporcle, you need to verify the email address you used during registration. Go to your Sporcle Settings to finish the process.

Report this User

Report this user for behavior that violates our Community Guidelines.

Details: